PR-SOF-1846-TREAT PERCEPTION SIMULATION (Record no. 577587)

000 -LEADER
fixed length control field 00370nam a22001217a 4500
082 ## - DEWEY DECIMAL CLASSIFICATION NUMBER
Classification number 220 PRO
100 ## - MAIN ENTRY--PERSONAL NAME
Personal name TOOBA WAQAR
9 (RLIN) 70659
245 ## - TITLE STATEMENT
Title PR-SOF-1846-TREAT PERCEPTION SIMULATION
260 ## - PUBLICATION, DISTRIBUTION, ETC.
Place of publication, distribution, etc. ISLAMABAD
Name of publisher, distributor, etc. NUST COLLEGE OF EME
Date of publication, distribution, etc. 2019
650 ## - SUBJECT ADDED ENTRY--TOPICAL TERM
Topical term or geographic name entry element DE-COMP-37
9 (RLIN) 70660
700 ## - ADDED ENTRY--PERSONAL NAME
Personal name SUPERVISORS DR SHOAB AHMED KHAN DR QAISER CHAUDRY DR AFSHAN NASEEM
9 (RLIN) 70661
942 ## - ADDED ENTRY ELEMENTS (KOHA)
Koha item type Continuing Resources
Holdings
Withdrawn status Lost status Damaged status Not for loan Permanent Location Current Location Shelving location Date acquired Total Checkouts Full call number Barcode Date last seen Price effective from Koha item type
        College of Electrical & Mechanical Engineering (CEME) College of Electrical & Mechanical Engineering (CEME) Reference 11/28/2019   220 PRO PR-SOF-1846 06/28/2021 06/28/2021 Continuing Resources
© 2023 Central Library, National University of Sciences and Technology. All Rights Reserved.